00559nam a2200205 a 4500001001300000003000900013005001700022008004100039020002300080082001300103100001800116245006200134260002500196300000900221500003500230505002500265650002500290650002000315700001800335nice12345678IN_TiNIC20260116015043.0050805s1995 dela grp 000 0 eng  a8172142757 c20000a922bSTU aStuart, James aSwami Abhishiktanandab His Life Told Through His Letters aDelhi bISPCK c1995 a348p aincludes index and biblioraphy2 abibliography, index. aBiography-Missionary aAbhishiktananda1 aStuart, James